[Event "Montigny Autumn-B 17th"]
[Site "Montigny le Bretonneux"]
[Date "2018.10.26"]
[Round "7"]
[White "Vadillo, Torre Ismael"]
[Black "Flamand, Arthur"]
[Result "1-0"]
[WhiteElo "1622"]
[BlackElo "1495"]
[PlyCount "90"]
[EventDate "2018.10.20"]
[EventType "tourn"]
[EventRounds "9"]
[EventCountry "FRA"]
[SourceTitle "EXT 2020"]
[Source "ChessBase"]
[SourceDate "2019.10.17"]
[SourceVersion "1"]
[SourceVersionDate "2019.10.17"]
[SourceQuality "1"]

1. d4 d5 2. c4 Nf6 3. cxd5 Qxd5 4. Nc3 Qd6 5. e4 e5 6. Nf3 exd4 7. e5 Qb4 8. a3 Qa5 9. Qxd4 Nfd7 10. Bc4 Nc6 11. Qe4 Ndxe5 12. Bb5 Be7 13. Qxe5 0-0 14. Bxc6 Qxe5+ 15. Nxe5 bxc6 16. Nxc6 Bd6 17. 0-0 Bb7 18. Nd4 Rfe8 19. Be3 Rab8 20. Ndb5 Ba6 21. Nxd6 cxd6 22. Rfd1 Rbd8 23. b4 Bc4 24. Bxa7 Rd7 25. Be3 d5 26. Bd4 f5 27. f4 Kf7 28. Kf2 h6 29. Re1 Bd3 30. Rad1 Be4 31. Bc5 Red8 32. g3 g5 33. fxg5 hxg5 34. a4 Bc2 35. Rd2 Bb3 36. Bd4 Ra8 37. Re5 Kg6 38. a5 Rh8 39. Kg1 f4 40. gxf4 gxf4 41. Rg2+ Kf6 42. Rf5+ Ke6 43. Rxf4 Bc4 44. Rg6+ Ke7 45. Nxd5+ Rxd5 1-0